Statistics for Hairstyle by Picture

Click here to take the quiz!

General Stats

  • This quiz has been taken 782 times
    (743 since last reset)
  • The average score is 10 of 12

Answer Stats

Answer% Correct
Ponytail
95%
Man Bun
94%
Mohawk
93%
Bun
91%
Dreadlocks
88%
Fishtail Braid
87%
Pigtails
82%
Bowl Cut
80%
Pixie Cut
78%
Mullet
74%
Comb Over
62%
Cornrows
57%

Score Distribution

Percentile by Number Answered

Percent of People with Each Score

Your Score History

You have not taken this quiz since the last reset